• 首页
  • 本馆介绍
  • 公告通知
  • 最新文献
  • 馆藏检索
  • 电子资源
  • 读者导购
  • 参考咨询
  • 我的图书馆
  • 登录
  • 详细信息显示
  • 放入我的书架
  • 预约/预借图书
  • 作者相关作品
  • 分类相关作品
  • 丛书相关作品
  • 出版社相关作品

书目信息

  • 表格格式
  • 工作单格式
  • 卡片格式
题名:
和解与民族主义
    
 
作者: 若宫启文 著 ;吴寄南 译
分册:  
出版信息: 上海   上海译文出版社  2008
页数: 338页
开本: 21cm
丛书名:
单 册:
中图分类: D731.309
科图分类:
主题词: 政治--研究--日本 , 对外政策--研究--日本--现代 , 政治 , 对外政策
电子资源:
ISBN: 978-7-5327-4421-3
000 00906nam0 2200265 450
001 1234633156
005 20121005093751.50
010    @a978-7-5327-4421-3@dCNY25.00
100    @a20080310d2008 em y0chiy50 ea
101 1  @achi@cjpn
102    @aCN@b310000
105    @aa z 000yy
200 1  @a和解与民族主义@Ahe jie yu min zu zhu yi@f(日)若宫启文著@g吴寄南译
210    @a上海@c上海译文出版社@d2008
215    @a338页@c照片@d21cm
330    @a本书叙述了战后日本政治中既想寻求与亚洲的和解,又力图维护和恢复民族自尊心的冲突和矛盾,从政治思潮变迁、政治力量对比的角度对日本政坛主流派的亚洲政策作了新的诠释。
606 0  @a政治@x研究@y日本
606 0  @a对外政策@x研究@y日本@z现代
606 0  @a政治
606 0  @a对外政策
690    @aD731.309@v4
701  0 @c(日)@a若宫启文@Aruo gong qi wen@4著
702  0 @a吴寄南@Awu ji nan@4译
801  0 @aCN@bNLC@c20101222
905    @a10447@dD731.309@eJY56
    
    和解与民族主义/(日)若宫启文著/吴寄南译.-上海:上海译文出版社,2008
    338页:照片;21cm
    
    
    ISBN 978-7-5327-4421-3:CNY25.00
    本书叙述了战后日本政治中既想寻求与亚洲的和解,又力图维护和恢复民族自尊心的冲突和矛盾,从政治思潮变迁、政治力量对比的角度对日本政坛主流派的亚洲政策作了新的诠释。
●
相关链接 在E读中查询图书 在五车中查询图书 在当当中查询图书 在豆瓣中查询图书


正题名:和解与民族主义     索取号:D731.309/JY56         预约/预借

序号 登录号 条形码 馆藏地/架位号 状态 备注
1 7812512   278125128   学院路分馆/ [索取号:D731.309/JY56] 在馆    
2 7812513   278125137   学院路分馆/ [索取号:D731.309/JY56] 在馆    
唐山师范学院图书馆 欢迎您!
大连网信软件有限公司© 版权所有